States of Australia - Statistics

General Stats
  • This quiz has been taken 30 times
  • The average score is 7 of 8
Answer Stats
Answer % Correct
Victoria
96%
Western Australia
96%
Northern Territory
87%
Queensland
87%
Tasmania
87%
New South Wales
83%
South Australia
83%
Australian Capital Territory
70%
No matching quizzes found
Score Distribution
Percent of People with Each Score
Percentile by Number Answered
Your Score History
You have not taken this quiz